[Event "Asia-ch Amateur"]
[Site "Bandar Seri Begawan"]
[Date "2015.09.10"]
[Round "7"]
[White "Shyam Sundar, T."]
[Black "Chandreyee, Hajra"]
[Result "1-0"]
[WhiteElo "1762"]
[BlackElo "1898"]
[PlyCount "61"]
[EventDate "2015.09.07"]
[EventType "swiss"]
[EventRounds "9"]
[EventCountry "BRN"]
[SourceTitle "EXT 2016"]
[Source "ChessBase"]
[SourceDate "2015.10.08"]
[SourceVersion "1"]
[SourceVersionDate "2015.10.08"]
[SourceQuality "1"]

1. b3 d5 2. Bb2 Nd7 3. Nf3 Ngf6 4. e3 e6 5. c4 Bd6 6. Nc3 0-0 7. Be2 dxc4 8. bxc4 e5 9. d4 exd4 10. exd4 c5 11. d5 Ne5 12. 0-0 Nxf3+ 13. Bxf3 Bb8 14. Re1 a6 15. a4 Bf5 16. Ne4 Nxe4 17. Bxe4 Bxh2+ 18. Kxh2 Qh4+ 19. Kg1 Bxe4 20. Ra3 Bg6 21. Qe2 Qd8 22. Re3 f6 23. Ba3 Qa5 24. Qd1 b5 25. cxb5 axb5 26. Bxc5 Rfc8 27. Be7 Bc2 28. Qg4 f5 29. Qd4 Qxa4 30. Qe5 b4 31. Rg3 1-0